000 00448nab a2200145Ia 4500
003 ES-SlBCS
005 20210601125245.0
008 140529s1982 xxu||||| |||| 00| 0 eng d
041 _aeng
100 1 _aDavis, Wayne A.
_9132681
245 0 0 _aMiller on Wanting, Intending, and Being Willing
_c Wayne A. Davis
651 4 _aMiller
_9156045
773 0 _tPhilosophy and Phenomenological Research
_gvol. 43, 1982, págs. 107-109
_wRev1411
942 _cAR
999 _c527351
_d527351